Normal view
MARC view
- القياس - اصول فقة - اصول الفقة الاسلامي
Entry Topical Term
001 - CONTROL NUMBER
- control field: 9111
003 - CONTROL NUMBER IDENTIFIER
- control field: JO-AjAnu
005 - DATE AND TIME OF LATEST TRANSACTION
- control field: 20230606071751.0
008 - FIXED-LENGTH DATA ELEMENTS
- fixed length control field: 230606|| aca||aabn | a|a d
040 ## - CATALOGING SOURCE
- Original cataloging agency: JO-AjAnu
- Transcribing agency: JO-AjAnu
150 ## - HEADING--TOPICAL TERM
- Topical term or geographic name entry element: القياس - اصول فقة - اصول الفقة الاسلامي
670 ## - SOURCE DATA FOUND
- Source citation: Work cat.: (JO-AjAnu)4699: ابن تيمية، ابن القيم ؛ تحقيق عبد الفتاح محمود عمر, author 9110, رسالتان في معنى القياس